Guess the Taylor Swift Song (no hints) 163 - Statistics

General Stats
  • This quiz has been taken 70 times
  • The average score is 233 of 330
Answer Stats
Answer % Correct
I
100%
you
95%
You
95%
A
93%
me
93%
me,
93%
In
90%
in
90%
and
88%
And
88%
my
88%
the
88%
The
88%
we
88%
We
88%
of
86%
to
86%
your
86%
at
83%
be
83%
love
83%
on
83%
were
83%
when
83%
where
83%
do
81%
never
81%
oh
81%
Oh
81%
too
81%
is
79%
look
79%
that
79%
But
76%
I'll
76%
like
76%
said,
76%
said
76%
Said
76%
all
74%
Just
74%
She
74%
looked
71%
our
71%
Our
71%
so
71%
us
71%
was
71%
back
69%
see
69%
They
69%
you'd
69%
you'll
69%
about
67%
beat
67%
one
67%
than
67%
time
67%
time,
67%
up
67%
up,
67%
A.M.
64%
did,
64%
did
64%
eyes
64%
got
64%
had
64%
shine
64%
stars
64%
Take
64%
seven
62%
this
62%
two
62%
Two
62%
used
62%
Well,
62%
We'll
62%
fall
60%
nine
60%
sky,
60%
wasn't
60%
down
57%
falling
57%
joke
57%
still
57%
their
57%
bigger
55%
daddies
55%
eighty-nine
55%
eighty-seven;
55%
girl
55%
Growing
55%
kiss
55%
mamas
55%
light
52%
tree
52%
we'd
52%
cried
50%
first
50%
home
50%
house
50%
little
50%
really
50%
rolled
50%
sixteen
50%
suddenly
50%
kids,
48%
knee
48%
lights
48%
many
48%
pretty
48%
came
45%
gone
45%
met
45%
shined
45%
walked
45%
before
43%
come
43%
fight
43%
ran
43%
stayed
43%
tried
43%
truck
43%
very
43%
years
43%
believed
40%
dared
40%
morning
40%
need
40%
smiled
40%
till
40%
world
40%
aisle
38%
around
38%
backyard
38%
front
38%
kissing
38%
next
38%
porch
38%
sitting
38%
town
38%
wide
38%
creek
36%
few
36%
goodnight
36%
outside
36%
riding
36%
whole
36%
After
33%
babies
33%
block
33%
doors
33%
favorite
33%
instead
33%
rock
33%
slamming
33%
spot
33%
beds
19%
turned
19%
No matching quizzes found
Score Distribution
Percent of People with Each Score
Percentile by Number Answered
Your Score History
You have not taken this quiz